US Cities Over 500K - Sudden Death - Statistics

General Stats
  • This quiz has been taken 236 times
  • The average score is 6 of 15
Answers on the Grid
Answers color-coded by a green-red scale on the quiz's grid according to % correct below.
Atlanta, GA
San Diego, CA
Kansas City, KS
Tampa, FL
Boston, MA
Cincinnati, OH
Newark, NJ
San Jose, CA
Bakersfield, CA
Baltimore, MD
Chula Vista, CA
Rochester, MN
Peoria, IL
Las Vegas, NV
Erie, PA
Charlotte, NC
Houston, TX
Youngstown, OH
Milwaukee, WI
Eugene, OR
El Paso, TX
Tucson, AZ
West Palm Beach, FL
Dallas, TX
Santa Fe, NM
Seattle, WA
Colorado Springs, CO
Memphis, TN
Tulsa, OK
Washington, DC
 
Answer Stats
Answer % Correct
519,600 Atlanta, GA
71%
1,390,000 San Diego, CA
66%
656,600 Boston, MA
57%
1,311,800 Dallas, TX
53%
712,500 Washington, DC
51%
798,600 Seattle, WA
49%
2,338,400 Houston, TX
48%
682,400 Las Vegas, NV
41%
958,300 San Jose, CA
39%
560,100 Baltimore, MD
37%
940,300 Charlotte, NC
34%
608,400 Memphis, TN
26%
685,100 El Paso, TX
24%
558,200 Milwaukee, WI
23%
556,100 Tucson, AZ
20%
No matching quizzes found
Score Distribution
Percent of People with Each Score
Percentile by Number Answered
Your Score History
You have not taken this quiz